00381nam a2200157Ia 4500003000400000008004100004040001600045082001600061100001600077245003200093260003200125300001000157650002300167650001500190650001800205GCL140319s9999 xx 000 0 eng d aGCL / cGCL04a822.83bN D1 aN. AUTTIORE10aDEATH QUEST / cN. AUTTIORE a[S.N] : bNEW-ERA ، c1987 a391 P04aENGLISH LITERATURE04aLITERATURE04aSHORT STORIES